| 000 | 01485nam a22002057a 4500 | ||
|---|---|---|---|
| 999 |
_c59948 _d59948 |
||
| 003 | Ge_BSU | ||
| 005 | 20230522105109.0 | ||
| 008 | 230522s1971 ge ||||| |||| 00| 0 geo d | ||
| 041 | _ageo | ||
| 080 | _a737(4)(09) ქ-35 | ||
| 100 |
_aქებულაძე, რევაზ _918165 |
||
| 245 |
_aევროპული მონეტების მიმოქცევა საქართველოში. XV-XVIII საუკუნეებში / _cრევაზ ქებულაძე; რედ. დ. კაპანაძე; საქართველოს სსრ მეცნიერებათა აკადემია. აკად. ს. ჯანაშიას სახ. საქართველოს სახელმწიფო მუზეუმი. |
||
| 264 |
_aთბილისი : _bმეცნიერება, _c1971. |
||
| 300 |
_a148 გვ. : _b6 ფ. ტაბ. ; _c23 სმ. |
||
| 520 | _aრეზუმე რუსლ ენაზე. | ||
| 653 | _aევროპული მონეტები საქართველოში | ||
| 700 |
_aკაპანაძე, დ. _eრედაქტორი _918166 |
||
| 710 |
_aსაქართველოს სსრ მეცნიერებათა აკადემია _bაკად. ს. ჯანაშიას სახ. საქართველოს სახელმწიფო მუზეუმი _918167 |
||
| 942 |
_2udc _cBK |
||